Modely počtu poistných plnení

Každá poistná udalosť má charakter náhodnej udalosti. Modely počtu škôd. Binomické a Poissonovo rozdelenie, negatívne binomické rozdelenie a zmiešané Poissonovo rozdelenie. Modely počtu škôd portfólia zmlúv. Asymptotické aproximácie počtu škôd.

Salvato in:
Dettagli Bibliografici
Autore principale: Urbaníková, Marta
Natura: Capitolo di libro
Lingua:slovacco
Soggetti:
Tags: Aggiungi Tag
Nessun Tag, puoi essere il primo ad aggiungerne!!

MARC

LEADER 00000naa$a2200000$$$4500
001 0093470
005 20220715093746.0
041 0 |a slo 
044 |a SK 
245 1 0 |a Modely počtu poistných plnení  |c Marta Urbaníková 
520 |a Každá poistná udalosť má charakter náhodnej udalosti. Modely počtu škôd. Binomické a Poissonovo rozdelenie, negatívne binomické rozdelenie a zmiešané Poissonovo rozdelenie. Modely počtu škôd portfólia zmlúv. Asymptotické aproximácie počtu škôd. 
610 2 0 |a poistenie 
610 2 0 |a poistné 
610 2 0 |a plnenie poistné 
610 2 0 |a modely 
610 2 0 |a metódy štatistické 
610 2 0 |a štatistika 
100 1 |a Urbaníková, Marta